[Event "US op Irwin 122nd"]
[Site "Rancho Mirage"]
[Date "2022.07.31"]
[Round "3"]
[White "Szpisjak, Steven"]
[Black "Matros, Alexander"]
[Result "1/2-1/2"]
[WhiteElo "1925"]
[BlackElo "2335"]
[PlyCount "164"]
[EventDate "2022.07.30"]
[EventType "swiss"]
[EventRounds "6"]
[EventCountry "USA"]
[SourceTitle "CBM 209 Extra"]
[Source "ChessBase"]
[SourceDate "2022.09.30"]
[SourceVersion "1"]
[SourceVersionDate "2022.09.30"]
[SourceQuality "1"]

1. c4 e5 2. g3 h5 3. h3 Nc6 4. Nc3 Bc5 5. Nf3 d6 6. Bg2 Nge7 7. e3 Bf5 8. e4 Be6 9. d3 f6 10. a3 a5 11. Be3 Qd7 12. b3 Ng6 13. d4 exd4 14. Nxd4 Bxd4 15. Bxd4 h4 16. Nd5 hxg3 17. fxg3 Kf7 18. h4 Bg4 19. Qd2 Nge5 20. 0-0 a4 21. Bxe5 dxe5 22. b4 Nd4 23. Qf2 Rh6 24. Ne3 Rg6 25. Kh2 Re8 26. c5 Rh6 27. Nxg4 Qxg4 28. Qa2+ Qe6 29. Bh3 Qxa2+ 30. Rxa2 Ke7 31. Kg2 Rd8 32. Rd2 c6 33. Bg4 Rhh8 34. Rfd1 g6 35. Rd3 f5 36. Bf3 Rhf8 37. R1d2 f4 38. Bd1 Ra8 39. Bg4 Rf6 40. Bd1 Rff8 41. Rf2 fxg3 42. Rxf8 Kxf8 43. Kxg3 Ke7 44. Kg4 Ne6 45. Rd6 Rf8 46. Kg3 Rf4 47. Bg4 Nf8 48. b5 Rxe4 49. bxc6 bxc6 50. Rxc6 Re3+ 51. Kf2 Rxa3 52. Ra6 Rc3 53. Rxa4 Rxc5 54. h5 gxh5 55. Bxh5 Ne6 56. Bf3 Nd4 57. Be4 Kf6 58. Ra8 Rb5 59. Kg3 Rb3+ 60. Kg4 Re3 61. Ra6+ Ke7 62. Bf5 Re1 63. Ra7+ Kd6 64. Bg6 Rg1+ 65. Kh5 Ne2 66. Bf7 Nf4+ 67. Kh4 e4 68. Ra4 Ke5 69. Bc4 e3 70. Ba6 Rg7 71. Bf1 Kf5 72. Ra5+ Ke4 73. Rg5 Rb7 74. Kg3 Rb1 75. Ba6 Rg1+ 76. Kh4 Ra1 77. Bb5 Kf3 78. Rg3+ Kf2 79. Kg4 Rg1 80. Rxg1 Kxg1 81. Kxf4 Kf2 82. Ba6 e2 1/2-1/2

[Event "Charlotte CCCSA Holiday IM"]
[Site "Charlotte"]
[Date "2021.12.22"]
[Round "7"]
[White "Matros, Alexander"]
[Black "Rosenberg, Evan"]
[Result "1-0"]
[WhiteElo "2361"]
[BlackElo "2099"]
[PlyCount "121"]
[EventDate "2021.12.19"]
[EventType "tourn"]
[EventRounds "9"]
[EventCountry "USA"]
[SourceTitle "CBM 205 Extra"]
[Source "ChessBase"]
[SourceDate "2022.01.31"]
[SourceVersion "1"]
[SourceVersionDate "2022.01.31"]
[SourceQuality "1"]

1. d4 Nf6 2. c4 e6 3. Nc3 Bb4 4. Qc2 0-0 5. Nf3 c5 6. dxc5 Na6 7. g3 Nxc5 8. Bg2 Nce4 9. 0-0 Nxc3 10. bxc3 Be7 11. e4 d6 12. e5 dxe5 13. Nxe5 Bd6 14. Qe2 Qa5 15. Bf4 Bc7 16. Rab1 a6 17. Rfd1 Rb8 18. Rb4 Qc5 19. Nd3 Qe7 20. Bxc7 Qxc7 21. Qe5 Qxe5 22. Nxe5 b5 23. Rd6 Ne8 24. Rd1 Nf6 25. a4 Bb7 26. Bxb7 Rxb7 27. cxb5 Nd5 28. Rb3 f6 29. c4 fxe5 30. cxd5 Rd8 31. d6 axb5 32. axb5 Rb6 33. Kg2 e4 34. Kf1 Kf7 35. Ke2 e5 36. Ke3 Ke6 37. Kxe4 Rdxd6 38. Rxd6+ Rxd6 39. b6 Rd4+ 40. Ke3 Rd8 41. b7 Rb8 42. Ke4 Kd6 43. Rb2 Kc7 44. h4 g6 45. Kxe5 Re8+ 46. Kf6 Kb8 47. Kg7 Re7+ 48. Kh6 Rf7 49. f4 Rd7 50. Rb3 Rc7 51. h5 Rc6 52. Kxh7 gxh5 53. Kg7 Rc4 54. f5 h4 55. gxh4 Rg4+ 56. Kf8 Rf4 57. Rb5 Rxh4 58. f6 Rf4 59. f7 Rf1 60. Ke7 Re1+ 61. Kf6 1-0

[Event "Charlotte CCCSA Labor Day IM-D"]
[Site "Charlotte"]
[Date "2021.09.05"]
[Round "6"]
[White "Matros, Alexander"]
[Black "Diulger, Alexey"]
[Result "1/2-1/2"]
[WhiteElo "2364"]
[BlackElo "2272"]
[PlyCount "20"]
[EventDate "2021.09.02"]
[EventType "tourn"]
[EventRounds "9"]
[EventCountry "USA"]
[EventCategory "1"]
[SourceTitle "CBM 204 Extra"]
[Source "ChessBase"]
[SourceDate "2021.11.30"]
[SourceVersion "1"]
[SourceVersionDate "2021.11.30"]
[SourceQuality "1"]

1. d4 Nf6 2. c4 g6 3. Nc3 Bg7 4. e4 d6 5. Be2 0-0 6. Nf3 e5 7. dxe5 dxe5 8. Qxd8 Rxd8 9. Nd5 Nxd5 10. cxd5 c6 1/2-1/2

[Event "Charlotte CCCSA Labor Day IM-D"]
[Site "Charlotte"]
[Date "2021.09.04"]
[Round "5"]
[White "Oberoi, Shelev"]
[Black "Matros, Alexander"]
[Result "1/2-1/2"]
[WhiteElo "2175"]
[BlackElo "2364"]
[PlyCount "158"]
[EventDate "2021.09.02"]
[EventType "tourn"]
[EventRounds "9"]
[EventCountry "USA"]
[EventCategory "1"]
[SourceTitle "CBM 204 Extra"]
[Source "ChessBase"]
[SourceDate "2021.11.30"]
[SourceVersion "1"]
[SourceVersionDate "2021.11.30"]
[SourceQuality "1"]

1. e4 c5 2. c3 d5 3. exd5 Qxd5 4. Nf3 Nc6 5. d4 Bf5 6. Be3 e6 7. Qb3 cxd4 8. Nxd4 Nxd4 9. Bxd4 Ne7 10. Nd2 Nc6 11. Be3 0-0-0 12. Qxd5 Rxd5 13. Bc4 Rd7 14. Bb5 Bd3 15. Nc4 f6 16. 0-0-0 Kc7 17. Ne5 fxe5 18. Rxd3 Rxd3 19. Bxd3 Bd6 20. Bc4 Re8 21. f3 h6 22. h4 a6 23. h5 Nb8 24. Rh4 Nd7 25. Bd3 Nf6 26. Bg6 Rf8 27. Kc2 Nd5 28. Bd2 Bc5 29. Re4 Kd6 30. b4 Bf2 31. Re2 Bg3 32. c4 Nf4 33. Bxf4 Bxf4 34. Re1 Kc7 35. Rd1 Rd8 36. Rxd8 Kxd8 37. c5 Kc7 38. Kb3 Be3 39. Ka4 Bg5 40. Bd3 Bd8 41. Bc4 Kd7 42. Bb3 Bg5 43. Bc2 Bd8 44. Bh7 Kc7 45. Kb3 Bg5 46. Kc4 Bd2 47. Bg8 Kd7 48. a4 Be1 49. b5 axb5+ 50. Kxb5 Kc7 51. Bxe6 Bf2 52. Kc4 Be3 53. Kd5 Bf2 54. Bf5 Be3 55. Bd3 Bf2 56. Bb5 Be3 57. c6 bxc6+ 58. Bxc6 Bg5 59. Bb5 Bf6 60. Ke6 Kb6 61. Kd5 Ka5 62. Ke4 Kb6 63. Kf5 Ka5 64. Kg6 Kb6 65. Be8 Ka5 66. Bb5 Kb6 67. g3 Ka5 68. g4 Kb6 69. Be8 Ka5 70. Kf5 Kb6 71. Bf7 Ka5 72. Bb3 Kb6 73. Bc2 Ka5 74. g5 Bxg5 75. Kxe5 Bf6+ 76. Kf5 Bc3 77. Kg6 Bd4 78. f4 Bc3 79. f5 Bf6 1/2-1/2

[Event "Charlotte CCCSA Memorial Day IM"]
[Site "Charlotte"]
[Date "2021.05.29"]
[Round "5"]
[White "Adamson, Robby"]
[Black "Matros, Alexander"]
[Result "1/2-1/2"]
[WhiteElo "2250"]
[BlackElo "2373"]
[PlyCount "132"]
[EventDate "2021.05.27"]
[EventType "tourn"]
[EventRounds "9"]
[EventCountry "USA"]
[SourceTitle "CBM 203 Extra"]
[Source "ChessBase"]
[SourceDate "2021.09.30"]
[SourceVersion "1"]
[SourceVersionDate "2021.09.30"]
[SourceQuality "1"]

1. e4 c6 2. d4 d5 3. f3 dxe4 4. fxe4 e5 5. Nf3 Be6 6. Nbd2 exd4 7. Bc4 Bxc4 8. Nxc4 Bb4+ 9. Bd2 Bxd2+ 10. Qxd2 b5 11. Nce5 Nf6 12. 0-0-0 c5 13. c3 0-0 14. cxd4 Qc7 15. Qc2 Na6 16. Rhe1 c4 17. Kb1 Rac8 18. d5 Nc5 19. g4 Rfe8 20. g5 Nfd7 21. Nxd7 Qxd7 22. Nd4 Qg4 23. Nxb5 Nxe4 24. d6 Rcd8 25. Rd4 Nc3+ 26. Qxc3 Qf5+ 27. Ka1 Qxb5 28. Red1 Re2 29. h4 g6 30. a3 Re6 31. Rd5 Qa6 32. d7 Qa4 33. R1d4 Rc6 34. Ka2 Rc7 35. Qb4 Qxb4 36. axb4 Kf8 37. b5 Ke7 38. Re4+ Kf8 39. Red4 Ke7 40. Ka3 Rdxd7 41. Rxd7+ Rxd7 42. Rxc4 f5 43. gxf6+ Kxf6 44. Kb4 h6 45. Ka5 g5 46. Rc6+ Kf5 47. hxg5 hxg5 48. Rc5+ Kf4 49. Rc4+ Kf3 50. Rc3+ Kf4 51. Rc4+ Kf3 52. Rc3+ Kg2 53. b4 g4 54. b6 g3 55. b5 Kh2 56. bxa7 Rxa7+ 57. Kb6 Ra1 58. Rc2+ g2 59. Kc7 Kg3 60. Rxg2+ Kxg2 61. b6 Rc1+ 62. Kd7 Rb1 63. Kc7 Kf3 64. b7 Ke4 65. b8Q Rxb8 66. Kxb8 Ke5 1/2-1/2

[Event "Charlotte CCCSA Memorial Day IM"]
[Site "Charlotte"]
[Date "2021.05.27"]
[Round "1"]
[White "Tsay, Vincent"]
[Black "Matros, Alexander"]
[Result "1-0"]
[WhiteElo "2285"]
[BlackElo "2373"]
[PlyCount "147"]
[EventDate "2021.05.27"]
[EventType "tourn"]
[EventRounds "9"]
[EventCountry "USA"]
[SourceTitle "CBM 203 Extra"]
[Source "ChessBase"]
[SourceDate "2021.09.30"]
[SourceVersion "1"]
[SourceVersionDate "2021.09.30"]
[SourceQuality "1"]

1. d4 d5 2. c4 e6 3. Nf3 c6 4. Nbd2 f5 5. g3 Bd6 6. Bg2 Nd7 7. Qc2 Qf6 8. 0-0 Ne7 9. Nb3 h6 10. Bd2 0-0 11. Nc1 g5 12. Nd3 Ng6 13. b3 Qg7 14. Bc3 b6 15. a4 a5 16. Nfe5 Bb7 17. Qb2 Rfd8 18. Rfc1 Bf8 19. cxd5 cxd5 20. Nxg6 Qxg6 21. b4 Rdb8 22. Qd2 axb4 23. Bxb4 Qe8 24. Rc7 Ba6 25. Bxf8 Nxf8 26. Ne5 Rc8 27. Rac1 Rxc7 28. Rxc7 Rc8 29. Ra7 Ra8 30. Rxa8 Qxa8 31. h4 Qd8 32. hxg5 hxg5 33. Nc6 Qf6 34. Qb4 Bxe2 35. Qxb6 f4 36. Ne5 g4 37. gxf4 Qxf4 38. Qb2 Ba6 39. Qc3 Qf5 40. Qc1 Ng6 41. Nxg6 Qxg6 42. a5 Bc4 43. Qb2 Qd3 44. Qb8+ Kf7 45. Qf4+ Ke7 46. Qxg4 Qd2 47. Qg7+ Ke8 48. Qe5 Qxa5 49. Qxe6+ Kf8 50. Qf6+ Ke8 51. Qe5+ Kf7 52. Bf3 Qd8 53. Bh5+ Kf8 54. Qf5+ Ke7 55. Kg2 Qg8+ 56. Bg4 Qg7 57. Qf4 Qg6 58. Kg3 Qd3+ 59. f3 Qe2 60. Qe5+ Kf8 61. Qxe2 Bxe2 62. Kf4 Ke7 63. Ke5 Bc4 64. Be6 Be2 65. f4 Bf3 66. f5 Bg2 67. f6+ Kf8 68. Bxd5 Bf1 69. Be6 Bb5 70. Kd6 Ke8 71. Kc7 Ba4 72. Bd7+ Bxd7 73. f7+ Kxf7 74. Kxd7 1-0

[Event "Charlotte CCCSA Fall IM"]
[Site "Charlotte"]
[Date "2020.10.05"]
[Round "9"]
[White "Matros, Alexander"]
[Black "Stearman, Josiah P"]
[Result "0-1"]
[WhiteElo "2417"]
[BlackElo "2354"]
[PlyCount "88"]
[EventDate "2020.09.30"]
[EventType "tourn"]
[EventRounds "9"]
[EventCountry "USA"]
[EventCategory "3"]
[SourceTitle "CBM 198 Extra"]
[Source "ChessBase"]
[SourceDate "2020.11.30"]
[SourceVersion "1"]
[SourceVersionDate "2020.11.30"]
[SourceQuality "1"]

1. e4 c5 2. b3 Nc6 3. Bb2 Nf6 4. e5 Nd5 5. Nf3 Nc7 6. Nc3 d5 7. exd6 exd6 8. Be2 Be7 9. d4 Bf5 10. 0-0 Bf6 11. Nb5 0-0 12. c3 Nd5 13. Qd2 a6 14. Na3 Re8 15. Rfe1 cxd4 16. cxd4 Be4 17. Nc4 b5 18. Ne3 Ncb4 19. Nxd5 Nxd5 20. h4 Bxh4 21. Nxh4 Qxh4 22. f3 Bf5 23. Bf1 Rac8 24. Rxe8+ Rxe8 25. a4 Bd7 26. Qf2 Qe7 27. Bc1 h6 28. Bd2 Rc8 29. Bd3 Qf6 30. g3 Bf5 31. Be4 Bxe4 32. fxe4 Qxf2+ 33. Kxf2 Nf6 34. Kf3 Rc2 35. Bb4 d5 36. e5 Ne4 37. axb5 axb5 38. Ra8+ Kh7 39. Rd8 Ng5+ 40. Kg4 Re2 41. Rxd5 Kg6 42. Kh4 Re4+ 43. g4 Re3 44. Rd6+ f6 0-1

[Event "Charlotte CCCSA Fall IM"]
[Site "Charlotte"]
[Date "2020.10.03"]
[Round "6"]
[White "Matros, Alexander"]
[Black "Li, Eric"]
[Result "1/2-1/2"]
[WhiteElo "2417"]
[BlackElo "2334"]
[PlyCount "77"]
[EventDate "2020.09.30"]
[EventType "tourn"]
[EventRounds "9"]
[EventCountry "USA"]
[EventCategory "3"]
[SourceTitle "CBM 198 Extra"]
[Source "ChessBase"]
[SourceDate "2020.11.30"]
[SourceVersion "1"]
[SourceVersionDate "2020.11.30"]
[SourceQuality "1"]

1. e4 c5 2. b3 Nc6 3. Bb2 d6 4. Bb5 Bd7 5. f4 Nf6 6. Nc3 g6 7. Bxc6 Bxc6 8. Qe2 Bg7 9. 0-0-0 0-0 10. Nf3 Qa5 11. e5 Nd5 12. Nxd5 Bxd5 13. Kb1 Rac8 14. exd6 exd6 15. Bxg7 Kxg7 16. Rhe1 Rc6 17. Qe3 f6 18. Qc3 Qxc3 19. dxc3 Bxf3 20. gxf3 Kf7 21. f5 Re8 22. fxg6+ hxg6 23. Rxe8 Kxe8 24. c4 Ke7 25. Re1+ Kf7 26. Kc1 Rc8 27. Kd2 Rh8 28. Re2 Rh5 29. Ke3 Re5+ 30. Kf2 Rf5 31. h4 Rh5 32. Kg3 Re5 33. Rd2 Ke6 34. Kf4 Re1 35. Rg2 Kf7 36. Rd2 Ke6 37. Rg2 Kf7 38. Rd2 Ke6 39. Rg2 1/2-1/2

[Event "Charlotte CCCSA Fall IM"]
[Site "Charlotte"]
[Date "2020.10.03"]
[Round "7"]
[White "Velikanov, Alexander"]
[Black "Matros, Alexander"]
[Result "1/2-1/2"]
[WhiteElo "2274"]
[BlackElo "2417"]
[PlyCount "61"]
[EventDate "2020.09.30"]
[EventType "tourn"]
[EventRounds "9"]
[EventCountry "USA"]
[EventCategory "3"]
[SourceTitle "CBM 198 Extra"]
[Source "ChessBase"]
[SourceDate "2020.11.30"]
[SourceVersion "1"]
[SourceVersionDate "2020.11.30"]
[SourceQuality "1"]

1. e4 e5 2. Nf3 Nc6 3. Bc4 Bc5 4. b4 Bxb4 5. c3 Bc5 6. d4 exd4 7. cxd4 Bb6 8. Bg5 Nge7 9. d5 Na5 10. d6 cxd6 11. Bd5 h6 12. Bxe7 Qxe7 13. Na3 Bc5 14. Nc2 0-0 15. 0-0 Rb8 16. Nfd4 b6 17. Ne3 g6 18. Ng4 Kh7 19. Qd3 h5 20. Ne3 Bxd4 21. Qxd4 Ba6 22. Rfc1 Rbc8 23. f4 Rc5 24. g4 hxg4 25. Nxg4 f5 26. exf5 gxf5 27. Re1 Qg7 28. Qxg7+ Kxg7 29. Re7+ Kg6 30. Ne3 Bc4 31. Rxd7 1/2-1/2

[Event "Charlotte CCCSA Summer IM"]
[Site "Charlotte"]
[Date "2020.08.23"]
[Round "8"]
[White "Matros, Alexander"]
[Black "Francisco, Richard"]
[Result "0-1"]
[WhiteElo "2442"]
[BlackElo "2293"]
[PlyCount "106"]
[EventDate "2020.08.19"]
[EventType "tourn"]
[EventRounds "9"]
[EventCountry "USA"]
[EventCategory "4"]
[SourceTitle "CBM 197 Extra"]
[Source "ChessBase"]
[SourceDate "2020.09.30"]
[SourceVersion "1"]
[SourceVersionDate "2020.09.30"]
[SourceQuality "1"]

1. Nf3 c5 2. e3 Nf6 3. b3 g6 4. Bb2 Bg7 5. Be2 0-0 6. 0-0 Nc6 7. c4 d5 8. cxd5 Qxd5 9. Nc3 Qf5 10. Rc1 Rd8 11. Na4 b6 12. d4 Bb7 13. Bd3 Qh5 14. Be2 Qh6 15. a3 e5 16. d5 Rxd5 17. Qc2 Re8 18. Nc3 Rdd8 19. Rfd1 e4 20. Nd2 Qh4 21. g3 Qh3 22. Bf1 Qh5 23. Nc4 Ng4 24. h3 Nce5 25. Nd6 Nf3+ 26. Kg2 Ng5 27. h4 Nf3 28. Nxe8 Nxh4+ 29. gxh4 Qxh4 30. Bb5 Bxc3 31. Bxc3 Qh2+ 32. Kf1 Rxd1+ 33. Rxd1 Nxe3+ 34. Ke2 Nxc2 35. Nf6+ Kf8 36. Be5 Nd4+ 37. Rxd4 Qxe5 38. Nd7+ Ke7 39. Nxe5 cxd4 40. b4 f6 41. Nc6+ Bxc6 42. Bxc6 f5 43. f4 h6 44. Kf2 g5 45. Kg3 Kf6 46. Be8 d3 47. Bb5 h5 48. fxg5+ Kxg5 49. Bc4 h4+ 50. Kh3 f4 51. a4 f3 52. a5 Kf4 53. Kxh4 f2 0-1

[Event "Charlotte CCCSA Summer IM"]
[Site "Charlotte"]
[Date "2020.08.22"]
[Round "7"]
[White "Javakhadze, Zurab"]
[Black "Matros, Alexander"]
[Result "1-0"]
[WhiteElo "2454"]
[BlackElo "2442"]
[PlyCount "113"]
[EventDate "2020.08.19"]
[EventType "tourn"]
[EventRounds "9"]
[EventCountry "USA"]
[EventCategory "4"]
[SourceTitle "CBM 197 Extra"]
[Source "ChessBase"]
[SourceDate "2020.09.30"]
[SourceVersion "1"]
[SourceVersionDate "2020.09.30"]
[SourceQuality "1"]

1. Nf3 d5 2. g3 Bg4 3. Bg2 Nd7 4. 0-0 e5 5. d3 c6 6. e4 Bd6 7. Nbd2 Ne7 8. h3 Bh5 9. exd5 cxd5 10. c4 0-0 11. cxd5 Nxd5 12. Qb3 N7b6 13. Nc4 Re8 14. Re1 Nxc4 15. dxc4 Nb6 16. Be3 Rc8 17. Nd2 Bc5 18. Rac1 Nd7 19. Qxb7 Rb8 20. Qd5 Qc7 21. Qc6 Qxc6 22. Bxc6 Red8 23. Ne4 Bxe3 24. Rxe3 Nf8 25. Nc3 Rxb2 26. Rxe5 Bg6 27. Bd5 Nd7 28. Re7 Kf8 29. Rce1 f6 30. R7e2 Rxe2 31. Rxe2 Nb6 32. Re3 Rc8 33. Be6 Rc5 34. Ne4 Re5 35. Nd2 Rxe3 36. fxe3 Ke7 37. Bg8 Kd6 38. Kf2 Na4 39. e4 Nc3 40. Ke3 Kc5 41. a3 Nd1+ 42. Ke2 Nb2 43. Bd5 Kd4 44. Nb3+ Kc3 45. c5 Be8 46. Na5 Bb5+ 47. Ke3 Na4 48. c6 Nb6 49. Be6 Kb2 50. Kd4 Kxa3 51. Kc5 Bd3 52. c7 Ka4 53. Nc6 Bxe4 54. Nxa7 Ka5 55. Nc6+ Ka6 56. c8B+ Nxc8 57. Bxc8# 1-0

[Event "Charlotte CCCSA Summer IM"]
[Site "Charlotte"]
[Date "2020.08.20"]
[Round "3"]
[White "Paul, Justin"]
[Black "Matros, Alexander"]
[Result "0-1"]
[WhiteElo "2231"]
[BlackElo "2442"]
[PlyCount "180"]
[EventDate "2020.08.19"]
[EventType "tourn"]
[EventRounds "9"]
[EventCountry "USA"]
[EventCategory "4"]
[SourceTitle "CBM 197 Extra"]
[Source "ChessBase"]
[SourceDate "2020.09.30"]
[SourceVersion "1"]
[SourceVersionDate "2020.09.30"]
[SourceQuality "1"]

1. e4 e5 2. Nf3 Nc6 3. Bb5 a6 4. Ba4 d6 5. c4 Bg4 6. d4 exd4 7. Bxc6+ bxc6 8. Qxd4 Bxf3 9. gxf3 Qf6 10. Qd1 Ne7 11. Qb3 g6 12. h4 Bg7 13. Qc3 Rb8 14. Ke2 0-0 15. Qxf6 Bxf6 16. Nc3 Bxc3 17. bxc3 c5 18. f4 f5 19. f3 h5 20. Rg1 Kf7 21. Kd3 Rb6 22. Rg5 Kf6 23. Kc2 Re8 24. Bd2 Reb8 25. Bc1 Kg7 26. Ba3 Rf8 27. Rf1 Rf6 28. Bc1 Rb8 29. Bd2 Re6 30. Re1 Kf6 31. Rgg1 Re8 32. e5+ Kf7 33. Rb1 Nc6 34. exd6 Rxd6 35. Rb7 Rd7 36. Re1 Rxe1 37. Bxe1 Re7 38. Kd1 Ke6 39. Bf2 Kd6 40. Rb2 Na5 41. Rb8 Nxc4 42. Ra8 Nb2+ 43. Kd2 Kd5 44. Rxa6 c6 45. Ra8 Kc4 46. Ra5 Rd7+ 47. Kc2 Nd3 48. Bg3 Re7 49. Ra4+ Kb5 50. Ra8 c4 51. Kd2 Kc5 52. Ra5+ Kb6 53. Ra4 c5 54. Ra8 Ra7 55. Rxa7 Kxa7 56. Bh2 Kb6 57. Bg3 Kb5 58. Kc2 Ka4 59. Kb1 Ka3 60. Bh2 Nb2 61. Bg1 Na4 62. Kc2 Kxa2 63. Be3 Nb2 64. Bxc5 Nd3 65. Bd6 Ne1+ 66. Kd2 Nxf3+ 67. Ke2 Nxh4 68. Kf2 Kb3 69. Be5 Kc2 70. Bf6 g5 71. fxg5 Kd3 72. Kg3 Ng6 73. Kf3 h4 74. Bd4 f4 75. Bf6 h3 76. Kf2 Ke4 77. Bd8 Nh4 78. Kg1 Kf3 79. Kh1 Kg3 80. Bc7 Kg4 81. Bd8 Ng6 82. Bf6 f3 83. Bd4 Kxg5 84. Kh2 Kg4 85. Bc5 Nf4 86. Bf2 Ne2 87. Be1 Nxc3 88. Bxc3 f2 89. Be1 f1Q 90. Bd2 Qg2# 0-1

[Event "Charlotte CCCSA Summer IM"]
[Site "Charlotte"]
[Date "2020.08.19"]
[Round "1"]
[White "Matros, Alexander"]
[Black "Liang, Jason"]
[Result "1/2-1/2"]
[WhiteElo "2442"]
[BlackElo "2340"]
[PlyCount "104"]
[EventDate "2020.08.19"]
[EventType "tourn"]
[EventRounds "9"]
[EventCountry "USA"]
[EventCategory "4"]
[SourceTitle "CBM 197 Extra"]
[Source "ChessBase"]
[SourceDate "2020.09.30"]
[SourceVersion "1"]
[SourceVersionDate "2020.09.30"]
[SourceQuality "1"]

1. d4 e6 2. Nc3 d5 3. Bf4 Nf6 4. e3 Bd6 5. Bd3 0-0 6. Nf3 c5 7. dxc5 Bxf4 8. exf4 Qc7 9. Ne5 Nbd7 10. Qe2 Nxc5 11. 0-0 Bd7 12. Qe3 Rfc8 13. Rfd1 Qb6 14. Rab1 Be8 15. Ne2 Nxd3 16. cxd3 Qxe3 17. fxe3 Nd7 18. Nxd7 Bxd7 19. Rbc1 Kf8 20. Kf2 Ke7 21. Rxc8 Rxc8 22. Rc1 Rxc1 23. Nxc1 Kd6 24. d4 f6 25. Ne2 Be8 26. Nc3 Kc6 27. Kf3 Bg6 28. g4 Bd3 29. h4 Kd6 30. Kg3 Bc4 31. Kf3 b6 32. Kg3 Bd3 33. Kf3 Kc6 34. Kg3 Bc2 35. Kf3 h6 36. b4 Bd3 37. Kg3 Kd6 38. Kf3 Bc4 39. a3 Bd3 40. Kg3 Kc6 41. Kf3 Kd6 42. Kg3 Ke7 43. Kf3 Kf7 44. Kg3 Bc4 45. Kh3 Ke7 46. Kg3 Kd6 47. Kf3 Bd3 48. Kg3 Kc6 49. Kf3 Kd6 50. Kg3 Kc6 51. Kf3 Kd6 52. Kg3 Kc6 1/2-1/2

[Event "Columbia op"]
[Site "Columbia"]
[Date "2012.08.19"]
[Round "4"]
[White "Matros, Alexander"]
[Black "Mabe, Chris J"]
[Result "1-0"]
[WhiteElo "2463"]
[BlackElo "2317"]
[PlyCount "100"]
[EventDate "2012.08.17"]
[EventType "swiss"]
[EventRounds "5"]
[EventCountry "USA"]
[SourceTitle "EXT 2013"]
[Source "ChessBase"]
[SourceDate "2012.11.22"]
[SourceVersion "1"]
[SourceVersionDate "2012.11.22"]
[SourceQuality "1"]

1. d4 d5 2. c4 c6 3. Nc3 Nf6 4. e3 a6 5. Nf3 b5 6. cxd5 cxd5 7. Ne5 e6 8. Bd3 Be7 9. 0-0 0-0 10. Bd2 Bb7 11. Rc1 Nbd7 12. a4 b4 13. Na2 Qb6 14. Nxd7 Nxd7 15. Qb3 a5 16. Bb5 Nf6 17. Rc2 Ne4 18. Rfc1 Nd6 19. Bd3 g6 20. Nc3 Rac8 21. Nb5 Nc4 22. Be1 Ba6 23. Bxc4 dxc4 24. Rxc4 Rxc4 25. Rxc4 Bxb5 26. axb5 Qxb5 27. Rc1 a4 28. Qc4 Qxc4 29. Rxc4 a3 30. bxa3 bxa3 31. Ra4 Rb8 32. Kf1 Rb2 33. Ra8+ Kg7 34. d5 f6 35. Ra7 Kf8 36. dxe6 a2 37. Bc3 Rb3 38. Bd4 Ra3 39. Rxa3 Bxa3 40. Bxf6 Ke8 41. Ke2 Be7 42. Bh8 Bd6 43. f4 Ke7 44. Kd3 Kxe6 45. g4 Be7 46. Kc2 Bf6 47. Bxf6 Kxf6 48. Kb2 h5 49. h3 hxg4 50. hxg4 Ke6 1-0